00357nam a2200121Ia 4500008004100000020001500041050002500056100002100081245004100102260006500143300002000208521000700228140609s9999 xx 000 0 und d a9715555195 aPL 6058.9b.C75 2006 aCruz, Isagani R. aMs. Philippines /cIsagani R. Cruz aManila, Philippines :bDe La Salle University Press,cc2006. a73 p. ;c23 cm. aGE